00382nam a22001337a 450000500170000000800410001704100130005808200150007110000130008624500910009926000090019030000240019965000250022320231121132601.0231121b |||||||| |||| 00| 0 eng d aEnglish  a342.8 AFR  lEnglish  aPrinciples and Guidelines on the Right to a Fair trail and Legal Assistance in Africa  c2011 b43 pages ;c22 cm.  aLegal practice bLaw